000 00561nam a2200217Ia 4500
005 20241129120228.0
008 241129s9999||||xx |||||||||||||| ||und||
020 _a9789395737944
037 _aTB
040 _aSDCL
_beng
_cSDCL
041 _ahin
_2hin
084 _aO152,3N60, R3
_qSDCL
100 _aMorwal Bhagwandass
_9729478
245 0 _aMokshawan
260 _aDelhi
_bRajkamal Prakashan India
_c2023
300 _a309p.
365 _aINR
_b795
650 _aReference
942 _cTB
_hO152,3N60, R3
999 _c1233913
_d1233913